000 00828nas a2200277 4500
001 BR9213367
003 BR-BrBNA
005 20231205095253.0
007 ta
008 230509b bl.|||p| |||| 00| 00por d
040 _aBR-BrBNA
_bpor
_cBiblioteca Nacional de Agricultura
041 _a(Pt)
072 _aL73
100 1 _aRiet-Correa, F.
100 1 _aVidor, T.
100 1 _aSchild, A.L.
100 1 _aMendez, M. del C.
245 1 _aMeningoencefalite e necrose do cortex cerebral em bovinos causadas por herpes virus bovino-1
650 _aBovino
650 _aHerpesvirus
650 _aMeningite
650 _aNecrose
773 0 _tPesquisa Veterinaria Brasileira (Brazil)
_xISSN 0100-736X
_g(Jan-Jun 1989), v. 9(1-2) p. 13-16
_wBR9213367
909 _a202311
_bLúcia
_c55
_dLúcia Elande
942 _2AGRIS
_n0
_cANA
999 _c149726
_d149726